|
|
|
|
| LEADER |
01034naa a2200193 i 4500 |
| 001 |
acta66882 |
| 005 |
20260224081030.0 |
| 008 |
200505s2019 hu o 100 hun d |
| 020 |
|
|
|a 978-963-306-703-1
|
| 040 |
|
|
|a SZTE Egyetemi Kiadványok Repozitórium
|b hun
|
| 041 |
|
|
|a hun
|
| 100 |
1 |
|
|a Horváth Péter László
|
| 245 |
1 |
0 |
|a Könnyen érthető kommunikáció értelmileg akadályozott tanulók általános iskolai oktatásában
|h [elektronikus dokumentum] /
|c Horváth Péter László
|
| 260 |
|
|
|c 2019
|
| 300 |
|
|
|a 11-12
|
| 490 |
0 |
|
|a Válaszok a gyógypedagógiai gyakorlat kihívásaira : konferenciakötet
|v 8
|
| 695 |
|
|
|a Értelmi sérült tanulók - könnyen érthető kommunikáció - előadáskivonat
|
| 710 |
|
|
|a Az IKT eszközök helye, használatuk lehetőségei a gyógypedagógiában VIII. „Válaszok a gyógypedagógiai gyakorlat kihívásaira” Regionális szakmai konferencia (2019) (Szeged)
|
| 856 |
4 |
0 |
|u http://acta.bibl.u-szeged.hu/66882/1/2019_jgypk_gyogyped_konferencia_absztraktkotet_011-012.pdf
|z Dokumentum-elérés
|